[Event "ch-Commonwealth 2012"]
[Site "Chennai IND"]
[Date "2012.11.25"]
[Round "5"]
[White "Venkatesh,M"]
[Black "Aravindh,Chithambaram VR."]
[Result "1-0"]
[WhiteElo "2520"]
[BlackElo "2311"]

1.Nf3 d5 2.g3 c5 3.Bg2 Nc6 4.d3 e6 5.Nbd2 Bd6 6.e4 Nge7 7.O-O O-O 8.Re1 f6
9.c3 Qc7 10.a3 Bd7 11.d4 cxd4 12.cxd4 a5 13.b3 b6 14.Bb2 dxe4 15.Nxe4 Nd5
16.Nxd6 Qxd6 17.Nd2 Rac8 18.Rc1 Nce7 19.Nc4 Qb8 20.a4 b5 21.axb5 Qxb5 22.Ba3 Nb4
23.Qd2 Rb8 24.Nd6 Qb6 25.Ne4 Ned5 26.Nc5 Qd6 27.Re2 f5 28.Rce1 Rf6 29.Re5 Nc6
30.Bxd5 exd5 31.Qf4 h6 32.Qf3 Nxd4 33.Qd1 Nxb3 34.Rxd5  1-0

[Event "TCh-CZE Div1 Vychod 2012-13"]
[Site "Czech Republic CZE"]
[Date "2012.11.25"]
[Round "3.3"]
[White "Sedlacek,O"]
[Black "Vyskocil,N"]
[Result "1/2-1/2"]
[WhiteElo "2223"]
[BlackElo "2368"]

1.Nf3 d5 2.g3 g6 3.Bg2 Bg7 4.d4 Nf6 5.c4 c6 6.cxd5 cxd5 7.Ne5 O-O 8.Nc3 Nc6
9.O-O Bf5 10.Bf4 Rc8 11.Rc1 Ne4 12.Nxe4 Bxe4 13.Bh3 Bf5 14.Bxf5 gxf5 15.Nxc6 Rxc6
16.Rxc6 bxc6 17.Qd2 Qb6 18.Rd1  1/2-1/2

[Event "TCh-CZE Div1 Vychod 2012-13"]
[Site "Czech Republic CZE"]
[Date "2012.11.25"]
[Round "3.5"]
[White "Skoda,M"]
[Black "Nepomucky,O"]
[Result "0-1"]
[WhiteElo "2017"]
[BlackElo "2266"]

1.Nf3 d5 2.g3 c5 3.Bg2 Nc6 4.O-O e5 5.c4 d4 6.d3 Nf6 7.a3 a5 8.Ng5 Bd6 9.Ne4 Nxe4
10.dxe4 O-O 11.e3 Be6 12.Qc2 a4 13.Bd2 Qb6 14.Re1 Qa6 15.Bf1 Rfd8 16.f4 f6
17.b4 axb3 18.Qxb3 Qa4 19.Qd3 Bc7 20.f5 Bf7 21.Rc1 Na5 22.Bxa5 Bxa5 23.Ra2 b5
24.Rac2 Bxc4 25.Rxc4 bxc4 26.Rxc4 Qb5 27.a4 Qb2 28.Na3 Qd2 29.exd4 Qxd3 30.Bxd3 Rxd4
31.Rxd4 cxd4 32.Kf1 Bb4 33.Nc2 Rxa4 34.Bb5 Ra5 35.Bc4+ Kf8  0-1

[Event "12th Puhajarve Rapid 2012"]
[Site "Puhajarve EST"]
[Date "2012.11.25"]
[Round "27.4"]
[White "Sepp,O"]
[Black "Valgmae,Toomas"]
[Result "1/2-1/2"]
[WhiteElo "2446"]
[BlackElo "2218"]

1.Nf3 d5 2.g3 c6 3.Bg2 Nf6 4.O-O Bf5 5.d3 e6 6.c4 Nbd7 7.cxd5 cxd5 8.Nc3 Be7
9.Bf4 a6 10.Rc1 O-O 11.Nh4 Bg4 12.h3 Bh5 13.g4 Bg6 14.Nxg6 hxg6 15.d4 b5
16.Qd3 Rc8 17.a4 b4 18.Nb1 Qb6 19.Nd2 Bd6 20.Bxd6 Qxd6 21.Nb3 Rc6 22.Na5 Rcc8
23.e3 g5 24.Rfd1 g6 25.Rc2 Rxc2 26.Qxc2 Nb6 27.Nb7 Qd7 28.Nc5 Qc6 29.Rc1 Rc8
30.b3 Nbd7 31.Bf1 a5 32.Bb5 Qc7 33.Nxd7 Qxc2 34.Nxf6+ Kg7 35.Rxc2 Rxc2 36.Nd7 f5
37.Nc5 Kf6 38.Bd7 e5 39.Bc6 exd4 40.exd4 Rd2 41.Bxd5 Rxd4 42.Bf3 Ke5 43.Kg2 Rd2
44.Nb7 Kd4 45.Nxa5 Kc3 46.Bc6 Re2 47.Bb5 Re5 48.Kf3 Rc5 49.Nb7 Rc7 50.Na5 Rc5
51.Ke3 Re5+ 52.Kf3 Rc5 53.gxf5 gxf5 54.Kg3 Re5 55.Nc6 Rc5 56.Na5 Re5 57.Kg2 Rc5
58.Nb7 Rc7 59.Nd6 Kxb3 60.a5 Ka2 61.Nc4 b3 62.a6 b2 63.Nxb2 Kxb2 64.Bc6 Ra7
65.Bb7 Kc3 66.Kf3 Kd4 67.Kg3  1/2-1/2

[Event "12th Puhajarve Rapid 2012"]
[Site "Puhajarve EST"]
[Date "2012.11.25"]
[Round "31.5"]
[White "Seeman,T"]
[Black "Valgmae,Toomas"]
[Result "1-0"]
[WhiteElo "2386"]
[BlackElo "2218"]

1.Nf3 d5 2.g3 c6 3.Bg2 Nf6 4.c4 e6 5.b3 Nbd7 6.Bb2 Bd6 7.O-O O-O 8.d3 b6
9.Nbd2 Qe7 10.a3 Bb7 11.e4 dxe4 12.dxe4 e5 13.Ne1 Rad8 14.Nc2 Nc5 15.Qe2 a5
16.Rad1 Bc8 17.h3 Rfe8 18.Ne3 g6 19.Nc2 Nh5 20.Kh2 Be6 21.b4 Na4 22.Ba1 axb4
23.axb4 f6 24.b5 cxb5 25.cxb5 Nc5 26.Ne3 Ng7 27.Ndc4 Bc7 28.Nd5 Bxd5 29.exd5 Nf5
30.Bb2 Nd6 31.Ne3 Ra8 32.Ra1 Qd7 33.Ng4 Kg7 34.Rxa8 Rxa8 35.Nxf6 Qe7 36.Ng4 Nf7
37.d6 Bxd6 38.Bxa8 h5 39.Ne3 Kh7 40.Bd5 Ng5 41.h4 Nge6 42.Bxe6 Qxe6 43.Nc4 Bc7
44.Bxe5 Nd7 45.f4 Nc5 46.Re1 Bd8 47.Bd4 Qd5 48.Bxc5 bxc5 49.Ne5 Ba5 50.Rd1  1-0

[Event "TCh-SVK Extraliga 2012-13"]
[Site "Slovakia SVK"]
[Date "2012.11.25"]
[Round "4.4"]
[White "Petran,Pe"]
[Black "Bezo,S"]
[Result "1-0"]
[WhiteElo "2277"]
[BlackElo "2124"]

1.Nf3 d5 2.g3 Nf6 3.Bg2 c6 4.d3 e6 5.O-O Bd6 6.Nbd2 O-O 7.e4 e5 8.c3 Re8
9.Qc2 Nbd7 10.Re1 Qc7 11.h3 b6 12.Nf1 Bb7 13.Ne3 g6 14.Ng4 Nxg4 15.hxg4 Bf8
16.g5 Rad8 17.Be3 dxe4 18.dxe4 Nc5 19.b4 Ne6 20.a3 c5 21.Rac1 Rd7 22.Nh2 Rc8
23.Qe2 Re8 24.Ng4 Bg7 25.Rf1 Qd8 26.f4 exf4 27.gxf4 cxb4 28.axb4 Nc7 29.e5 Bxg2
30.Qxg2 Nd5 31.Rf3 Ne7 32.Qe2 Nf5 33.Rh3 Rd3 34.Nf2 Nxe3 35.Rxe3 Rd2 36.Qf3 h6
37.gxh6 Rxf2 38.Qxf2 Bxh6 39.Rf1 Qd5 40.Qg2 Qd7 41.Qh3 Qxh3 42.Rxh3 Bg7 43.Rd3 f6
44.exf6 Bxf6 45.Kf2 a5 46.Kf3 axb4 47.cxb4 Kf7 48.Rc1 Rb8 49.b5 Be7 50.Rc6 Bc5
51.Rd7+ Ke8 52.Rh7 g5 53.fxg5  1-0

[Event "35th ch-GRE w 2012"]
[Site "Athens GRE"]
[Date "2012.11.26"]
[Round "3"]
[White "Makropoulou,M"]
[Black "Makka,E"]
[Result "1/2-1/2"]
[WhiteElo "2226"]
[BlackElo "2047"]

1.Nf3 d5 2.g3 Nc6 3.d4 Bg4 4.Bg2 e6 5.O-O Nf6 6.b3 Bd6 7.c4 O-O 8.Bb2 Re8
9.Ne5 Bf5 10.Nxc6 bxc6 11.Nc3 Rb8 12.Rc1 Bf8 13.Qd2 Bg6 14.h3 Nd7 15.e4 dxe4
16.Nxe4 c5 17.Rcd1 cxd4 18.Qxd4 Nb6 19.Qc3 Qe7 20.Rfe1 Red8 21.Kh2 Rxd1 22.Rxd1 Rd8
23.Rd4 f6 24.Qe3 e5 25.Rd2 Rxd2 26.Qxd2 Qd7 27.Qe3 a5 28.Nc3 Qd3 29.Qxd3 Bxd3
30.Nb5 Bc5 31.Kg1 Bb1 32.Nc3 Bc2 33.Nb5 Bb1 34.Nc3 Bc2 35.Nb5  1/2-1/2

[Event "ch-Commonwealth 2012"]
[Site "Chennai IND"]
[Date "2012.11.26"]
[Round "6"]
[White "Arun Prasad,S"]
[Black "Karthikeyan,P2"]
[Result "0-1"]
[WhiteElo "2513"]
[BlackElo "2414"]

1.g3 d5 2.Nf3 c6 3.Bg2 Nf6 4.c4 dxc4 5.a4 Qd5 6.Nc3 Qh5 7.b3 e5 8.bxc4 e4
9.Nd4 Bh3 10.Kf1 Nbd7 11.Rb1 Bc5 12.Nb3 O-O-O 13.Nxc5 Nxc5 14.Ba3 Rhe8 15.Qc2 Ne6
16.Qb2 Rd7 17.Bd6 Ng5 18.Rg1 Ng4 19.Bxh3 Qxh3+ 20.Ke1 Qxh2 21.Rf1 Qg2 22.Nd1 Nf3+
23.exf3 exf3+ 24.Ne3 Nh2 25.Be5 Nxf1 26.Nf5 b6 27.d4 Qg1 28.Nxg7 Rxe5+  0-1

[Event "Doroshkevicha Mem Open 2012"]
[Site "Sochi RUS"]
[Date "2012.11.26"]
[Round "1"]
[White "Vastrukhin,O"]
[Black "Rumiantseva,Ksenia"]
[Result "1-0"]
[WhiteElo "2336"]
[BlackElo "1892"]

1.Nf3 d5 2.g3 Nf6 3.Bg2 Bf5 4.O-O e6 5.c4 c6 6.d4 h6 7.Nc3 Ne4 8.Qb3 Qb6
9.c5 Qxb3 10.axb3 Nd7 11.b4 a6 12.Nd2 Nxd2 13.Bxd2 e5 14.dxe5 Nxe5 15.Bf4 Ng6
16.Be3 Be7 17.b5 O-O 18.bxc6 bxc6 19.Bd4 Rfb8 20.e4 dxe4 21.Nxe4 Rb4 22.Rfd1 Rd8
23.Nd6 Bxd6 24.Bc3 Rc4 25.Rxd6 Rxd6 26.cxd6 Bc8 27.Rxa6 Bd7 28.h4 Nf8 29.Kf1 f6
30.Ke2 Kf7 31.Kd3 Rc5 32.b4 Rf5 33.f4 g5 34.hxg5 hxg5 35.Be4 Rb5 36.Bxc6 Bxc6
37.Rxc6 gxf4 38.gxf4 Ne6 39.d7 Rd5+ 40.Kc4 Rxd7 41.f5 Nd8 42.Rxf6+ Ke7 43.Ra6 Nb7
44.Be5 Kf7 45.b5 Re7 46.Rf6+ Ke8 47.Re6 Rxe6 48.fxe6 Ke7 49.Kd5 Nd8 50.Bd6+ Ke8
51.b6 Nb7 52.Bb4 Nd8 53.Kd6 Nb7+ 54.Kc7 Nd8 55.b7 Nxb7 56.Kxb7 Kd8  1-0

[Event "XXVI Belgrade Trophy 2012"]
[Site "Belgrade SRB"]
[Date "2012.11.27"]
[Round "4.36"]
[White "Stankovic,Iv"]
[Black "Brankovic,Vladislav"]
[Result "1-0"]
[WhiteElo "2217"]
[BlackElo "1752"]

1.Nf3 d5 2.g3 Nf6 3.Bg2 e6 4.d3 Bd6 5.Nbd2 Nbd7 6.O-O O-O 7.c3 b6 8.Qc2 Bb7
9.Re1 c5 10.e4 e5 11.Nh4 d4 12.Nf1 Rc8 13.Nf5 Bb8 14.c4 Ne8 15.g4 Nd6 16.N1g3 Nxf5
17.exf5 Bxg2 18.Kxg2 h6 19.Re2 Re8 20.Bd2 Nf6 21.g5 hxg5 22.Bxg5 Qd6 23.Bxf6 Qxf6
24.Re4 Qc6 25.Qe2 Kf8 26.Re1 Ke7 27.Qg4 Rg8 28.Kf1 f6 29.Qg6 Qe8 30.Rg4 Qxg6
31.Rxg6 Kf8 32.Re4 Rh8 33.h4 Rc7 34.Reg4 a6 35.h5 b5 36.Ke2 bxc4 37.dxc4 Rh7
38.Kd3 Rb7 39.b3 Bd6 40.h6 Rxh6 41.Rxh6 gxh6 42.Rg6 Rf7 43.Rxh6 Ke7 44.Nh5 a5
45.Ke4 Bc7 46.Rh8 Bd8 47.f4 Rf8 48.Rh7+ Rf7 49.Rh6 Bc7 50.Rg6 exf4 51.Nxf4 Bxf4
52.Kxf4 Rh7 53.Ke4 Kf7 54.Rg3 Rh5 55.Rf3 Ke7 56.Kd5 d3 57.Kxc5 d2 58.Re3+ Kf7
59.Rd3 Rxf5+ 60.Kb6 Rf2 61.c5 d1=Q 62.Rxd1 Rxa2 63.c6 Rb2 64.Rd3 Rc2 65.c7  1-0

[Event "ch-Commonwealth 2012"]
[Site "Chennai IND"]
[Date "2012.11.27"]
[Round "7"]
[White "Gomes,Mary"]
[Black "Harshal,S"]
[Result "1-0"]
[WhiteElo "2384"]
[BlackElo "1912"]

1.Nf3 d5 2.g3 Nf6 3.Bg2 g6 4.c4 c6 5.b3 Bg7 6.Bb2 O-O 7.O-O Nbd7 8.Qc2 Re8
9.d3 e5 10.cxd5 Nxd5 11.a3 Qe7 12.Nbd2 N7b6 13.e4 Nc7 14.d4 f6 15.Rac1 exd4
16.Nxd4 Ne6 17.N2f3 c5 18.Ne2 Bd7 19.a4 a5 20.Nd2 Rec8 21.Nc4 Nxc4 22.Qxc4 Kh8
23.Nc3 Nc7 24.Nd5 Nxd5 25.exd5 Qd6 26.Rce1 b5 27.Qh4 bxa4 28.Be4 Kg8 29.bxa4 Re8
30.Bd3 Rab8 31.Bc3 Rb3 32.Qc4 Reb8 33.Bxa5 Bxa4 34.Re6 Qd7 35.Rfe1 Ra3 36.Re7 Qc8
37.d6+ Kh8 38.Bxg6 Qf8 39.Qh4 h6 40.Bd2 Kg8 41.Qc4+ Kh8 42.Bxh6  1-0

[Event "ch-Commonwealth 2012"]
[Site "Chennai IND"]
[Date "2012.11.29"]
[Round "9"]
[White "Gomes,Mary"]
[Black "Sethuraman,S"]
[Result "0-1"]
[WhiteElo "2384"]
[BlackElo "2520"]

1.Nf3 d5 2.g3 Nf6 3.Bg2 c6 4.O-O Bg4 5.b3 Nbd7 6.Bb2 e6 7.d3 Bd6 8.Nbd2 O-O
9.e4 e5 10.h3 Bh5 11.Qe1 Re8 12.Nh4 Qc7 13.Kh1 a5 14.a3 Bg6 15.Qe2 Nc5 16.Nf5 Bf8
17.Rae1 dxe4 18.dxe4 b5 19.Rd1 Ne6 20.Nf3 Bh5 21.Qe1 Nd7 22.g4 Bg6 23.Ng3 f6
24.Nh4 Bf7 25.Ne2 a4 26.b4 Nb6 27.Bc1 Nc4 28.Nf5 Rad8 29.Qc3 c5 30.bxc5 Qxc5
31.Rd5 Rxd5 32.exd5 Nc7 33.g5 Nxd5 34.Qg3 Be6 35.Rd1 Kh8 36.gxf6 Nxf6 37.Ne3 Nxa3
38.Bxa3 Qxa3 39.Bc6 Rc8 40.Bb7 Rc5 41.Qf3 Kg8 42.Ng3 Rc7 43.Be4 Rf7 44.Bf5 Qe7
45.Kh2 g6 46.Bxe6 Qxe6 47.Qa8 a3 48.Kg1 Qxh3 49.Ra1 b4 50.c3 Ng4 51.Nxg4 Qxg4
52.cxb4 Qxb4 53.Qd5 Qd4 54.Qa2 Qb2 55.Ne4 Qxa2 56.Rxa2 Rb7  0-1

[Event "ch-Commonwealth 2012"]
[Site "Chennai IND"]
[Date "2012.11.29"]
[Round "9"]
[White "Nolte,R"]
[Black "Lintchevski,D"]
[Result "1/2-1/2"]
[WhiteElo "2445"]
[BlackElo "2555"]

1.Nf3 d5 2.g3 c6 3.Bg2 Bg4 4.O-O Nd7 5.d3 Ngf6 6.h3 Bxf3 7.exf3 g6 8.f4 Bg7
9.Nd2 O-O 10.Nf3 Ne8 11.Re1 e6 12.h4 Ndf6 13.Ne5 h5 14.a4 a5 15.b3 Nd6 16.Ba3 Re8
17.Bh3 Nf5 18.Kg2 Qc7 19.c3 b5 20.Bc5 Nd6 21.Ra2 Nd7 22.Ba3 c5 23.Qf3 b4
24.cxb4 cxb4 25.Rc1 Qb7 26.Bb2 Rac8 27.Rxc8 Nxc8 28.Nxd7 Qxd7 29.Bxg7 Kxg7
30.Rc2  1/2-1/2

[Event "Vietnam National Masters Men 2012"]
[Site "Ho Chi Minh City VIE"]
[Date "2012.11.30"]
[Round "2.8"]
[White "Doan Van Duc"]
[Black "Ton,T"]
[Result "1-0"]
[WhiteElo "2116"]
[BlackElo "2209"]

1.Nf3 d5 2.g3 h6 3.d4 c6 4.Bg2 Bf5 5.c4 Bxb1 6.Rxb1 Qa5+ 7.Bd2 Qxa2 8.b3 Nd7
9.O-O Ngf6 10.Ra1 Qb2 11.Ba5 dxc4 12.bxc4 e5 13.Rb1 Qa2 14.dxe5 Ne4 15.Qd4 Nec5
16.Ra1 Qxe2 17.Rfe1 Qc2 18.Bh3 b6 19.Bxd7+ Nxd7 20.e6 O-O-O 21.exd7+ Kb7
22.Bxb6 axb6 23.Reb1  1-0

[Event "TCh-AUT 2 West 2012-13"]
[Site "Rum AUT"]
[Date "2012.11.30"]
[Round "4.3"]
[White "Ager,J"]
[Black "Hengl,C"]
[Result "1/2-1/2"]
[WhiteElo "2193"]
[BlackElo "2231"]

1.Nf3 d5 2.g3 Nf6 3.Bg2 g6 4.c4 c6 5.Qb3 Qb6 6.Qxb6 axb6 7.cxd5 Nxd5 8.O-O Bg7
9.Nc3 Nb4 10.d3 O-O 11.Bd2 Nd7 12.a3 Na6 13.d4 b5 14.d5 Nac5 15.dxc6 bxc6
16.Be3 Nb3 17.Rab1 Ndc5 18.Bxc5 Nxc5 19.Nd2 Ra6 20.Na2 Rd8 21.Rfd1 Bg4 22.Kf1 Rd6
23.Rbc1 Bxb2 24.Rxc5 Bxa3 25.Rc2 c5 26.Rb1 b4 27.Be4 Rd4 28.Bd3 Rad6 29.Nb3 c4
30.Bxc4 Bf5 31.Nxd4 Rxd4 32.Bd3 Rxd3 33.Nxb4 Rd4 34.Nd3 Rxd3 35.Rb8+ Kg7
36.exd3 Bxd3+ 37.Re2 Bd6 38.Rb7 Kf6 39.Ke1 Bxe2 40.Kxe2 h5 41.Kf3 Ke6 42.Ra7 f5
43.Ra8 Kf6  1/2-1/2

[Event "TCh-AUT 2 West 2012-13"]
[Site "Rum AUT"]
[Date "2012.11.30"]
[Round "4.2"]
[White "Baldauf,Marc"]
[Black "Geske,J"]
[Result "1/2-1/2"]
[WhiteElo "2381"]
[BlackElo "2401"]

1.Nf3 d5 2.g3 Nf6 3.Bg2 c6 4.O-O Bf5 5.b3 e6 6.Bb2 h6 7.d3 Be7 8.Nbd2 O-O
9.c4 Bh7 10.Rc1 a5 11.a3 Nbd7 12.Rc2 Ne8 13.Qa1 Bf6 14.Ne5 Nxe5 15.Bxe5 Bxe5
16.Qxe5 Qd6 17.Qb2 Nf6 18.Ra1 Nd7 19.Nf3 Rfe8 20.Qc3 Qe7 21.Ne5 Nxe5 22.Qxe5 Rec8
23.Qb2 Bg6 24.Bf3 Qd7 25.Qe5 d4 26.Rb1 f6 27.Qf4 e5 28.Qh4 Qe7 29.b4 Be8
30.Qh3 Bd7 31.Qg2 axb4 32.axb4 Ra4  1/2-1/2

[Event "Doroshkevicha Mem Open 2012"]
[Site "Sochi RUS"]
[Date "2012.11.30"]
[Round "5"]
[White "Gochelashvili,D"]
[Black "Ostrovsky,A"]
[Result "1-0"]
[WhiteElo "2419"]
[BlackElo "2343"]

1.Nf3 d5 2.g3 Bg4 3.Bg2 Nd7 4.O-O c6 5.d3 Ngf6 6.h3 Bxf3 7.Bxf3 e6 8.Bg2 Bc5
9.c4 O-O 10.Nc3 a5 11.b3 Qb8 12.Bb2 Rd8 13.d4 Be7 14.e3 b5 15.Qe2 b4 16.Na4 Nb6
17.Nc5 a4 18.Qc2 Qa7 19.Nd3 Nbd7 20.c5 Rdb8 21.f3 Ne8 22.f4 Nc7 23.Bc1 axb3
24.Qxb3 Na6 25.Bd2 Qc7 26.Rfb1 f6 27.Nxb4 Nxb4 28.Bxb4 Kh8 29.a4 e5 30.Qc2 exd4
31.exd4 f5 32.Qxf5 Bf6 33.Qd3 Rxb4 34.Rxb4 Nxc5 35.Qd2 Qa7 36.Rab1 Ne6 37.Kh2 g6
38.Rb6 Qxa4 39.R1b4 Qa1 40.Rxc6 Bxd4 41.Rc1 Ra2 42.Qd1 Rxg2+ 43.Kxg2 Qa7
44.Qe2 Qd7 45.Rxd4  1-0

[Event "FIDE GP Tashkent"]
[Site "Tashkent UZB"]
[Date "2012.11.30"]
[Round "8.3"]
[White "Svidler,P"]
[Black "Kasimdzhanov,R"]
[Result "1/2-1/2"]
[WhiteElo "2747"]
[BlackElo "2696"]

1.Nf3 d5 2.g3 Bg4 3.Bg2 Nd7 4.c4 e6 5.cxd5 exd5 6.h3 Bxf3 7.Bxf3 Ngf6 8.O-O c6
9.d3 Bc5 10.Qc2 O-O 11.Nd2 Qe7 12.e3 a5 13.a4 Bb4 14.Bg2 Rfe8 15.b3 Qc5 16.Qb1 Qb6
17.Nf3 Bc3 18.Ra2 d4 19.Rc2 Nd5 20.Nxd4 Bxd4 21.exd4 Qxd4 22.Rc4 Qb6 23.d4 N7f6
24.Bd2 Qd8 25.Qd3 Nb6 26.Rcc1 Nbd5 27.Rfe1 Rxe1+ 28.Rxe1 Nc7 29.Re5 Ne6 30.Bc3 Nd7
31.Re1 Nf6 32.Re5 Nd7 33.Re1 Nf6 34.Re5  1/2-1/2

[Event "TCh-AUT 2 East 2012-13"]
[Site "Austria AUT"]
[Date "2012.12.01"]
[Round "5.1"]
[White "Sommerbauer,N"]
[Black "Banusz,T"]
[Result "0-1"]
[WhiteElo "2444"]
[BlackElo "2580"]

1.Nf3 d5 2.g3 c6 3.Bg2 Bg4 4.O-O Nd7 5.d3 Ngf6 6.Nbd2 e5 7.e4 dxe4 8.dxe4 Bc5
9.h3 Bh5 10.Qe1 O-O 11.Nc4 Re8 12.a4 a5 13.Bd2 b6 14.Bc3 Qc7 15.Kh1 Bxf3
16.Bxf3 Nf8 17.Bg2 Rad8 18.f4 exf4 19.Bxf6 gxf6 20.gxf4 Kh8 21.Qh4 Be7 22.Qf2 Bc5
23.Qh4 Qe7 24.Qh5 Ng6 25.Rae1 Rg8 26.c3 Rd3 27.Re2 Nxf4 28.Rxf4 Rd1+ 29.Rf1 Rxf1+
30.Bxf1 Rg1+ 31.Kh2 Rxf1 32.e5 Qe6 33.exf6 Qxf6 34.Qe5 Kg7 35.Rg2+ Kh6 36.Qxf6+ Rxf6
37.Rg8 Rf4 38.b3 Rf2+ 39.Kh1 f6 40.b4 axb4 41.cxb4 Bxb4 42.Ne3 f5 43.Rc8 Kg5
44.Rxc6 Bc5 45.Nd5 Kh4  0-1

[Event "ch-Commonwealth 2012"]
[Site "Chennai IND"]
[Date "2012.12.01"]
[Round "11"]
[White "Gomes,Mary"]
[Black "Grover,S"]
[Result "1/2-1/2"]
[WhiteElo "2384"]
[BlackElo "2509"]

1.Nf3 d5 2.g3 Nf6 3.Bg2 e6 4.O-O c5 5.c4 Nc6 6.cxd5 Nxd5 7.d4 cxd4 8.Nxd4 Bd7
9.a3 Be7 10.Nf5 exf5 11.Bxd5 O-O 12.Nc3 Bf6 13.Be3 Be6 14.Bxe6 fxe6 15.Bc5 Qxd1
16.Rfxd1 Rfd8 17.Nb5 Na5 18.Bxa7 Bxb2 19.Bb6 Rxd1+ 20.Rxd1 Nc4 21.Bc5 h6
22.Bb4 Ra6 23.Rd7 Nxa3 24.Nxa3 Bxa3 25.Bxa3 Rxa3 26.Rxb7  1/2-1/2

[Event "ch-Commonwealth 2012"]
[Site "Chennai IND"]
[Date "2012.12.01"]
[Round "11"]
[White "Nolte,R"]
[Black "Deepthamsh,R"]
[Result "1-0"]
[WhiteElo "2445"]
[BlackElo "2115"]

1.Nf3 d5 2.g3 Nf6 3.Bg2 Bf5 4.O-O c6 5.d3 h6 6.Nbd2 e6 7.Qe1 Be7 8.e4 Bh7
9.Qe2 O-O 10.b3 b5 11.Bb2 a5 12.a3 Qb6 13.Kh1 Re8 14.Rab1 Na6 15.Ne5 Nc7
16.f4 a4 17.b4 c5 18.g4 dxe4 19.dxe4 h5 20.g5 Ng4 21.Nxg4 hxg4 22.Qxg4 Rad8
23.g6 fxg6 24.Nf3 cxb4 25.axb4 Bxb4 26.Ng5 Be7 27.Rf3 Bxg5 28.Qxg5 Qd6 29.Rd3 Qf8
30.Rh3 Qe7 31.Qg4 b4 32.Rg1 e5 33.Bxe5 Ne6 34.Bf1  1-0

[Event "TCh-CZE Extraliga 2012-13"]
[Site "Czech Republic CZE"]
[Date "2012.12.01"]
[Round "3.8"]
[White "Nedela,V"]
[Black "Zawadzki,S"]
[Result "1/2-1/2"]
[WhiteElo "2299"]
[BlackElo "2432"]

1.Nf3 d5 2.g3 Nf6 3.Bg2 c6 4.b3 Bg4 5.Bb2 Nbd7 6.O-O a5 7.c4 e6 8.d4 a4 9.Nbd2 Be7
10.Ne5 Nxe5 11.dxe5 Nd7 12.h3 Bh5 13.cxd5 cxd5 14.g4 Bg6 15.e4 Nc5 16.exd5 exd5
17.f4 Bd3 18.Re1 Bh4 19.Re3 d4 20.Rf3 a3 21.Bc1 Qa5 22.Nc4 Bxc4 23.bxc4 d3
24.Be3 O-O 25.Rb1 Rad8 26.Rb5 Qa4 27.Qxa4 Nxa4 28.Bd2 Nb2 29.Rf1 Nxc4 30.Rd1 Bg3
31.Rd5 g5 32.Bb4 Nb2 33.Rc1 Rxd5 34.Bxd5 Bxf4 35.Bxf8 Bxc1 36.Bxa3 d2 37.Bb3 Nd3
38.Bd6 Kg7 39.Kf1 Nf4 40.a4 h5 41.gxh5 Nxh3 42.e6 fxe6 43.Ke2 Nf4+ 44.Bxf4 gxf4
45.Bxe6 f3+ 46.Kd1 f2 47.Bc4 b6 48.Be2 Kh7 49.Kc2 Kh6 50.Kd1 Kg5 51.Kc2 Kf4
52.h6 Ke3 53.Kd1 Bb2 54.h7 Bh8 55.Bf1 Bg7  1/2-1/2

[Event "4th London Classic Open"]
[Site "London ENG"]
[Date "2012.12.01"]
[Round "1"]
[White "Stephan,Ax"]
[Black "Saikhanzaya,Ganbaatar"]
[Result "1-0"]
[WhiteElo "2233"]
[BlackElo "1924"]

1.Nf3 d5 2.g3 Nf6 3.Bg2 c6 4.O-O Bf5 5.d3 h6 6.Nbd2 e6 7.Qe1 Be7 8.e4 Bh7
9.Qe2 O-O 10.e5 Nfd7 11.Ne1 a5 12.f4 a4 13.a3 b5 14.g4 Bc5+ 15.Kh1 Qe7 16.Ndf3 Bb6
17.g5 hxg5 18.Nxg5 Bf5 19.Nef3 g6 20.Nh4 Kg7 21.Bd2 Ra7 22.Rae1 Re8 23.Qf3 Nc5
24.Qg3 Nba6 25.d4 Ne4 26.Nxe4 dxe4 27.Bxe4 Bxe4+ 28.Rxe4 Rh8 29.f5 Qe8 30.fxg6 fxg6
31.Nxg6 Rh7 32.Nf8+  1-0

[Event "TCh-AUT 2 West 2012-13"]
[Site "Rum AUT"]
[Date "2012.12.01"]
[Round "5.2"]
[White "Panteleev,P"]
[Black "Froewis,G"]
[Result "1-0"]
[WhiteElo "2306"]
[BlackElo "2399"]

1.Nf3 d5 2.g3 c6 3.Bg2 Nf6 4.O-O Bg4 5.d4 Nbd7 6.Nbd2 e6 7.Re1 Be7 8.e4 dxe4
9.Nxe4 Nxe4 10.Rxe4 Nf6 11.Re1 O-O 12.c3 Nd7 13.Qb3 Nb6 14.Ne5 Bf5 15.a4 Qc7
16.a5 Nd5 17.Bd2 a6 18.h4 Bf6 19.c4 Ne7 20.Bf4 Qc8 21.Rad1 h6 22.Qf3 g5 23.hxg5 hxg5
24.Ng4 Bxg4 25.Qxg4 Ng6 26.Bxg5 Qd8 27.Bh6 Bg7 28.Bxg7 Kxg7 29.d5 cxd5 30.cxd5 f5
31.Qb4 e5 32.Qxb7+ Rf7 33.Qb6 Qf8 34.d6 Rb8 35.d7 Rxb6 36.axb6 Qd8 37.b7 Rf8
38.Re3 f4 39.Rb3 fxg3 40.b8=Q gxf2+ 41.Kf1 Qh4 42.Qxf8+  1-0

[Event "TCh-BEL 2012-13"]
[Site "Belgium BEL"]
[Date "2012.12.02"]
[Round "5.2"]
[White "Hausrath,D"]
[Black "Feygin,M"]
[Result "1/2-1/2"]
[WhiteElo "2490"]
[BlackElo "2538"]

1.Nf3 d5 2.g3 Nf6 3.Bg2 e6 4.d4 Be7 5.c4 O-O 6.Qc2 dxc4 7.Nbd2 Nc6 8.Qxc4 Qd5
9.O-O Rd8 10.e3 Bd7 11.b3 Rac8 12.Bb2 Na5 13.Qc3 Qb5 14.Nc4 Bb4 15.Qc2 Bc6
16.Nfe5 Bxg2 17.Kxg2 Bf8 18.Rfd1 c5 19.a4 Qa6 20.dxc5 Nxc4 21.Nxc4 Qc6+ 22.Kg1 Qxc5
23.Bxf6 gxf6 24.Rxd8 Rxd8 25.Rd1 Qf5 26.Qe2 Rxd1+ 27.Qxd1 b5 28.axb5 Qxb5
29.Qg4+ Bg7 30.Qd1 Bf8 31.h4 h6 32.e4 f5 33.exf5 Qxf5 34.Kg2 Qe4+ 35.f3 Qb7
36.Qd3 Qb5 37.g4 a6 38.h5 Be7 39.Qe3 Bg5 40.Qd3 Bf6 41.Kf1 Qg5 42.Qd2 Qb5
43.Qd3 Qg5 44.Qd2 Qb5 45.Qd3  1/2-1/2

[Event "TCh-BEL 2012-13"]
[Site "Belgium BEL"]
[Date "2012.12.02"]
[Round "5.4"]
[White "Van Oosterom,C"]
[Black "Bok,B"]
[Result "1/2-1/2"]
[WhiteElo "2384"]
[BlackElo "2525"]

1.g3 d5 2.Nf3 Nf6 3.Bg2 c6 4.c4 Bg4 5.Ne5 Be6 6.cxd5 Bxd5 7.Nf3 c5 8.Nc3 Bc6
9.O-O e6 10.d3 Be7 11.e4 O-O 12.Ne5 Nfd7 13.Nxc6 Nxc6 14.f4 Nb6 15.Qe2 Nd4
16.Qf2 e5 17.Be3 Bf6 18.Rac1 Qe7 19.b4 cxb4 20.Bxd4 bxc3 21.Bc5 Qd7 22.fxe5 Bxe5
23.d4 Bd6 24.Bxd6 Qxd6 25.Rxc3 Rad8 26.Rd3 Nc4 27.Rdd1 Qa3 28.Rfe1 b5 29.e5 b4
30.Be4 g6 31.Rc1 Nb2 32.Rc7 Nd3 33.Bxd3 Qxd3 34.Rxa7 Rxd4 35.Rf1 Rd7 36.e6 Rxa7
37.Qxa7 fxe6 38.Rxf8+ Kxf8 39.Qb8+ Kf7 40.Qf4+ Ke8 41.Qb8+ Qd8 42.Qxb4 Qd1+
43.Kf2 Qc2+ 44.Ke3 Qxa2  1/2-1/2

[Event "TCh-BEL 2012-13"]
[Site "Belgium BEL"]
[Date "2012.12.02"]
[Round "5.1"]
[White "Fridman,D"]
[Black "Ringoir,T"]
[Result "1/2-1/2"]
[WhiteElo "2657"]
[BlackElo "2460"]

1.Nf3 d5 2.g3 Nf6 3.Bg2 Bf5 4.c4 e6 5.Qb3 Na6 6.cxd5 exd5 7.Nd4 Bc8 8.d3 c6
9.O-O Bc5 10.Nf3 O-O 11.a3 Re8 12.Qc2 Qe7 13.d4 Bd6 14.Nc3 Nc7 15.Bg5 h6
16.Bxf6 Qxf6 17.e4 dxe4 18.Nxe4 Qd8 19.Nxd6 Qxd6 20.Rad1 Bg4 21.h3 Be6 22.Qc5 Qxc5
23.dxc5 Bd5 24.Nd4 Bxg2 25.Kxg2 Re5 26.Nb3 Re2 27.Rd2 Rxd2 28.Nxd2 Ne6 29.b4 b6
30.Ne4 bxc5 31.bxc5 Rd8 32.Rb1 f5 33.Nd6 f4 34.Nf5 fxg3 35.Ne7+ Kh7 36.Nxc6 Rd3
37.fxg3 Nxc5 38.Nxa7 Rxa3 39.Nb5 Rb3 40.Rxb3  1/2-1/2

[Event "TCh-CZE Extraliga 2012-13"]
[Site "Czech Republic CZE"]
[Date "2012.12.02"]
[Round "4.5"]
[White "Mirumian,V"]
[Black "Konopka,M"]
[Result "1/2-1/2"]
[WhiteElo "2511"]
[BlackElo "2453"]

1.Nf3 d5 2.g3 g6 3.Bg2 Bg7 4.O-O Nf6 5.d3 O-O 6.Nbd2 c5 7.e4 Nc6 8.Re1 e5
9.exd5 Nxd5 10.c3 h6 11.a4 Re8 12.Nc4 Nb6 13.Ne3 Be6 14.a5 Nd5 15.Qa4 Rc8
16.Nc4 Qc7 17.Bd2 Rcd8 18.Rac1 Bf5 19.d4 e4 20.Nfe5  1/2-1/2

[Event "Frau Bundesliga Div1 2012-13"]
[Site "Germany GER"]
[Date "2012.12.02"]
[Round "4.4"]
[White "Lauterbach,I"]
[Black "Yildiz,B"]
[Result "0-1"]
[WhiteElo "2143"]
[BlackElo "2379"]

1.Nf3 d5 2.g3 Nf6 3.Bg2 c5 4.c4 Nc6 5.cxd5 Nxd5 6.Nc3 Nc7 7.d3 e5 8.Qa4 Bd7
9.Qe4 Bd6 10.Qh4 f6 11.Bh3 Bxh3 12.Qxh3 Qe7 13.Nh4 Nd4 14.O-O Qe6 15.Qxe6+ Ncxe6
16.e3 Nc6 17.b3 Kf7 18.Ba3 Rhd8 19.f4 exf4 20.gxf4 Bf8 21.Rfd1 Rd7 22.Kf2 Rad8
23.Ke2 b6 24.f5 Nc7 25.Ne4 c4 26.Bxf8 cxd3+ 27.Kd2 Kxf8 28.Nf3 Re8 29.Nf2 Nd5
30.e4 Ndb4 31.a3 Nc2 32.Ra2 N2d4 33.Nxd4 Nxd4 34.b4 Nxf5 35.Re1 Nd6 36.e5 Nc4+
37.Kc3 Nxe5 38.Re3 Rc8+ 39.Kb3 d2  0-1

[Event "Vietnam National Masters Men 2012"]
[Site "Ho Chi Minh City VIE"]
[Date "2012.12.02"]
[Round "5.10"]
[White "Bui,Trong Hao"]
[Black "Duong,Thu"]
[Result "1/2-1/2"]
[WhiteElo "2119"]
[BlackElo "2018"]

1.Nf3 d5 2.g3 c6 3.Bg2 Nf6 4.d4 g6 5.O-O Bg7 6.Na3 O-O 7.c4 Ne4 8.Bf4 Qb6
9.Qb3 Be6 10.Qxb6 axb6 11.cxd5 Bxd5 12.Rfd1 Nc3 13.Rd2 Nxa2 14.e4 Be6 15.Ng5 Nb4
16.Nxe6 fxe6 17.Bh3 Kf7 18.Re1 Rd8 19.d5 exd5 20.exd5 Nxd5 21.Bc7 Re8 22.Be6+ Kf8
23.Bxd5 cxd5 24.Rxd5 Nc6 25.Nc4 b5 26.Ne5 Rac8 27.Nd7+ Kg8 28.Be5 Nxe5 29.Nxe5 b4
30.Re2 b3 31.Re3 Red8 32.Rb5 Rc2 33.Rbxb3 Rdd2 34.Nd3 Bd4 35.Rxe7 Bxf2+ 36.Nxf2 Rxf2
37.Rbxb7 Rg2+ 38.Kf1 Rcf2+ 39.Ke1 Rxh2 40.Rg7+ Kf8 41.Rgc7 Re2+ 42.Kd1 h5
43.Rh7 Kg8 44.Rhd7 Kf8 45.Ra7 Re6 46.b4 Rb2 47.Rf7+ Kg8 48.Rg7+ Kf8 49.Rgb7 Re5
50.Kc1 Rb3 51.Rf7+ Kg8 52.Rg7+ Kf8 53.Raf7+ Ke8 54.Rb7 Kf8 55.Rxg6 Re7 56.Rb8+ Kf7
57.Rh6 Rxg3 58.Rxh5 Re1+ 59.Kd2 Ra1 60.Rh7+ Ke6 61.Re8+ Kd5 62.Rd8+ Kc4 63.Rh4+ Kb3  1/2-1/2